| 000 | 00432 a2200169 4500 | ||
|---|---|---|---|
| 001 | 187598 | ||
| 020 | _a85-215-0331-8 | ||
| 040 | _cMagnum | ||
| 100 | _aNunes, Marcomede Rangel | ||
| 240 | 1 | 0 |
_aA antinha e o cabure e outros bichos da floresta _lpor |
| 245 | 1 | 0 | _aA antinha e o cabure e outros bichos da floresta |
| 300 | _a17 | ||
| 362 | 0 | _a1986 | |
| 440 | 1 | _aAo Livro Técnico | |
| 697 | _aLITERATURA INFANTO | ||
| 942 | _cBK | ||
| 999 |
_c187598 _d187598 |
||